000 00981nam0a22002891 4500
001 rc\3396260
005 20250609225605.0
021 _aRU
_b[74-16193]
035 _a(NLR Aleph) 007540748
090 _a9758089
_c9758089
100 _a20130115d1974 |||y0rusy50 ca
101 0 _arus
102 _aRU
105 _aa z |||||
200 1 _aДомашнее консервирование
210 _aКишинев
_cКартя молдовеняскэ
_d1974
215 _a175 с.
_cил.
_d20
320 _aСписок лит.: с. 164-165
320 _aАлф. указ.: с. 166-170
606 _aОвощи
_xКонсервирование в домашних условиях
_2psbo
606 _aПлоды
_xКонсервирование в домашних условиях
_2psbo
700 1 _aАтаян
_bС.С.
_gСофья Семеновна
801 0 _aRU
_bNLR
_gpsbo
801 1 _aRU
_bELAR
_2rusmarc
852 _aNLR
_j73-3/11116
942 _cBOOK
980 _aNB